000 00767nam a2200217Ia 4500
001 3304
003 GE_BSU
008 181216s||||||||xx |||||||||||||| ||und||
040 _cGE_BSU
080 _a69.059(035)+728
100 _aЛысова,А.И. Голант,Ш.Н. Волъфсон,В.Л. Рабинович,Г.М.
245 _aСправочник по капитальному ремонту жилых зданий.
245 _cРед. В.А.Ануфриева.
250 _aИзд. 2-ое, перераб. и доп.
260 _aЛ.
260 _bСтройиздат.
260 _c1977.
300 _a358 стр. 20 см.
653 _aСправочник по капитальному ремонту жилых зданий.
942 _cBK
999 _c37345
_d37345